| 000 | 01336cam a2200133 4500500 | ||
|---|---|---|---|
| 005 | 20260405065401.0 | ||
| 041 | _afre | ||
| 042 | _adc | ||
| 100 | 1 | 0 |
_aLeconte, Cécile _eauthor |
| 245 | 0 | 0 | _aL'Europe face au défi populiste |
| 260 |
_bPresses Universitaires de France,
_c2005. |
||
| 520 | _aA partir d’une étude très précise des débats passionnés suscités par l’affaire Haider (parti populiste autrichien), cet ouvrage élargit la réflexion sur le «devoir d’ingérence démocratique de l’Europe» à d’autres cas comme l’Italie et Berlusconi, la France et Le Pen, en proposant une réflexion originale sur les transformations politiques de l’Union européenne comme espace de valeurset sur le rapport entre démocratie nationale et Europe, tout en soulignant les problèmes politiques d’acceptation suscités par ces développements au niveau national. Ce thème est souvent évoqué dans les débats politiques et les médias mais peu approfondi. D’autre part il met en avant les enjeux d’une politique de mémoire européenne, ainsi qu’une comparaison entre divers pays, les similitudes ou au contraire les différences dans les réaction des populations européennes. | ||
| 856 | 4 | 1 | _uhttps://shs.cairn.info/l-europe-face-au-defi-populiste--9782130546351?lang=fr&redirect-ssocas=7080 |
| 999 |
_c2195530 _d2195530 |
||